000 00872nam a2200193Ia 4500
999 _c44265
_d44265
001 11023
003 GE_BSU
005 20230523121214.0
008 181216s1983ge xx |||||||||||||| ||geo||
040 _cGE_BSU
041 _ageo
080 _a031=353.1 ქ-27
245 _aქართული საბჭოთა ენციკლოპედია :
_bტ.6 კოქტო–მინკუსი /
_cმთ. რედ: ირ.აბაშიძე [და სხვ.].
264 _a თბილისი :
_bმთ. სამეცნ. რედაქცია,
_c1983.
300 _a720 გვ.:
_bილ., რუკა, სქ.
_c27 სმ.
653 _aქართული საბჭოთა ენციკლოპედია
700 _aაბაშიძე, ირ.
_eმთავარი რედაქტორი
_916458
942 _cBK
_2udc